000 00732nam a2200217Ia 4500
003 GCL
008 140319s9999 xx 000 0 ara d
040 _aGCL /
_cGCL
082 0 4 _aق
_b069.0962
_bهـ م
100 1 _aهيئة الاثار المصرية
245 1 0 _aالمومياوات الملكية :
_bالمتحف المصرى /
_cهيئة الاثار المصرية
260 _aالقاهرة :
_bهيئة الاثار المصرية
300 _aمتعدد ؛
_c19 سم
490 _a
650 0 4 _aالاثار الفرعونية
650 0 4 _aالمتحف المصرى
650 0 4 _aالمتاحف
650 0 4 _aالتحنيط عند الفراعنة
650 0 4 _aالمومياءات
942 _2ddc
_cBK
999 _c57930
_d57930